Đánh giá thành phần dinh dưỡng của rong bún (Enteromorpha intestinalis.) và sử dụng chúng làm thức ăn cho các loài thủy sản ở Đồng bằng sông Cửu Long Báo cáo tổng kết đề tài khoa học và công nghệ cấp Bộ
Nội dung đề tài đánh giá tiềm năng về sinh lượng rong bún ở khu vực nghiên cứu của vùng nuwóc lợ ĐBSCL, đánh giá được hiệu quả kinh tế của việc sử dụng rong bún làm thức ăn thủy sản.
محفوظ في:
| المؤلف الرئيسي: | |
|---|---|
| التنسيق: | كتاب |
| اللغة: | Undetermined |
| منشور في: |
Cần Thơ
Trường Đại học Cần Thơ
2013
|
| الموضوعات: | |
| الوسوم: |
إضافة وسم
لا توجد وسوم, كن أول من يضع وسما على هذه التسجيلة!
|
| Thư viện lưu trữ: | Trung tâm Học liệu Trường Đại học Cần Thơ |
|---|
| LEADER | 01254nam a2200241Ia 4500 | ||
|---|---|---|---|
| 001 | CTU_230227 | ||
| 008 | 210402s9999 xx 000 0 und d | ||
| 082 | |a 639.31 | ||
| 082 | |b A107 | ||
| 088 | |a B20111604 | ||
| 100 | |a Nguyễn, Thị Ngọc Anh | ||
| 245 | 0 | |a Đánh giá thành phần dinh dưỡng của rong bún (Enteromorpha intestinalis.) và sử dụng chúng làm thức ăn cho các loài thủy sản ở Đồng bằng sông Cửu Long | |
| 245 | 0 | |b Báo cáo tổng kết đề tài khoa học và công nghệ cấp Bộ | |
| 245 | 0 | |c Nguyễn Thị Ngọc Anh | |
| 260 | |a Cần Thơ | ||
| 260 | |b Trường Đại học Cần Thơ | ||
| 260 | |c 2013 | ||
| 520 | |a Nội dung đề tài đánh giá tiềm năng về sinh lượng rong bún ở khu vực nghiên cứu của vùng nuwóc lợ ĐBSCL, đánh giá được hiệu quả kinh tế của việc sử dụng rong bún làm thức ăn thủy sản. | ||
| 650 | |a Freshwater fishes,Fish-culture | ||
| 650 | |x Kỹ thuật nuôi cá nước ngọt | ||
| 904 | |i Tuyến | ||
| 910 | |a Nguyên | ||
| 980 | |a Trung tâm Học liệu Trường Đại học Cần Thơ | ||